000 01052nam0a22002651 4500
001 rc\3136826
005 20250530082336.0
021 _aRU
_b[75-85583]
035 _a(NLR Aleph) 007316923
090 _a5868863
_c5868863
100 _a20120615d1975 |||y0rusy50 ca
101 0 _arus
102 _aRU
105 _aa z |||||
200 1 _aПланирование производственно-хозяйственной деятельности горнорудного предприятия
_e[Учеб. пособие]
_fС.В. Суворов
_gМоск. горный ин-т
210 _aМосква
_cМоск. горный ин-т
_d1975
215 _a135 с., 4 л. схем.
_cил.
_d20
320 _aСписок лит.: с. 132-133 (19 назв.)
606 _aГорнорудные предприятия
_xПланирование
_2psbo
700 1 _aСуворов
_bС.В.
_gСтанислав Васильевич
801 0 _aRU
_bNLR
_gpsbo
801 1 _aRU
_bELAR
_2rusmarc
852 _aNLR
_j76-3/369
942 _cBOOK
980 _aNB